ძიებანი ქართული ფილოსოფიის თემებზე / (ბიბ.ჩანაწერი № 49249)
[ მარტივი ფორმატი ]
| 000 -ლიდერი | |
|---|---|
| ფიქსირებული სიგრძის საკონტროლო ველი | 01233nam a2200253Ia 4500 |
| 001 - საკონტროლო ნომერი | |
| საკონტროლო ველი | 16163 |
| 003 - საკონტროლო ნომრის იდენტიფიკატორი | |
| საკონტროლო ველი | GE_BSU |
| 005 - ბოლო ოპერაციის თარიღი და დრო | |
| საკონტროლო ველი | 20190920100637.0 |
| 008 - ფიქსირებული სიგრძის მონაცემთა ელემენტები - ზოგადი ინფორმაცია | |
| ფიქსირებული სიგრძის საკონტროლო ველი | 181216s2015|||| |||||||||||||| ||geo|| |
| 020 ## - წიგნის საერთაშორისო სტანდარტული ნომერი | |
| International Standard Book Number | 9789941462061 |
| 040 ## - კატალოგიზაციის წყარო | |
| Transcribing agency | GE_BSU |
| 041 ## - ენის კოდი | |
| Language code of text/sound track or separate title | geo |
| 080 ## - უნივერსალური ათობითი კლასიფიკაციის ინდექსი | |
| Universal Decimal Classification number | 1(479.22) მ-44 |
| 100 ## - მთავარი ჩანაწერი - პიროვნების სახელი | |
| Personal name | მახარაძე, მიხეილ. |
| 9 (RLIN) | 382 |
| 245 ## - ცნობა სათაურის შესახებ | |
| Title | ძიებანი ქართული ფილოსოფიის თემებზე / |
| Statement of responsibility, etc | მიხეილ მახარაძე ; რედ : თ. მთიბელაშვილი . |
| 260 ## - გამოქვეყნების, გავრცელების, და სხვა. ცნობები | |
| Date of publication, distribution, etc | 2015 |
| 264 ## - წარმოების, გამოცემის, დისტრიბუციის და სხვა ცნობები | |
| გამოცემის, წარმოების, დისტრიბუციის... ადგილი | ბათუმი : |
| გამოცემის, წარმოების, დისტრიბუციის... სახელწოდება | ბათუმის შოთა რუსთაველის სახელმწიფო უნ-ტი, |
| გამოცემის, წარმოების, დისტრიბუციის... თარიღი | 2015. |
| 300 ## - ფიზიკური აღწერა | |
| Extent | 174 გვ. |
| Dimensions | 21 სმ. |
| 653 ## - INDEX TERM--UNCONTROLLED | |
| Uncontrolled term | ფილოსოფია |
| 653 ## - INDEX TERM--UNCONTROLLED | |
| Uncontrolled term | ძიებანი ქართული ფილოსოფიის თემებზე |
| 700 ## - ADDED ENTRY--PERSONAL NAME | |
| Personal name | მთიბელაშვილი , თ |
| 9 (RLIN) | 4154 |
| 710 ## - ADDED ENTRY--CORPORATE NAME | |
| Relator term | ბათუმის შოთა რუსთაველის სახელმწიფო უნ-ტი ფილოსოფიის დეპარტამენტი |
| 9 (RLIN) | 4155 |
| 942 ## - ADDED ENTRY ELEMENTS (KOHA) | |
| Koha item type | წიგნი |
| Source of classification or shelving scheme | |
| ჩამოწერის სტატუსი | დაკარგული ეგზემპლარის სტატუსი | კლასიფიკაციის წყარო ან თაროზე გაწყობის სქემა | დაზიანების სტატუსი | არ გაიცემა | მუდმივი მდებარეობა (დაცვის ადგილი) | ამჟამინდელი ადგილსამყოფელი | თაროზე განთავსების ადგილი | შეძენის თარიღი | ღირებულება, შესყიდვის ნორმალური ფასი | სრული შენახვის შიფრი | შტრიხკოდი | ბოლო ოპერაციის თარიღი | ეგზემპლარის მიმდევრობითი ნომერი (კეტერი?) | ფასის ძალაში შესვლის თარიღი | ეგზემპლარის სახეობა | საჯარო შენიშვნა | Uniform Resource Identifier |
|---|---|---|---|---|---|---|---|---|---|---|---|---|---|---|---|---|---|
| ბათუმის შოთა რუსთაველის სახელმწიფო უნივერსიტეტის მთავარი ბიბლიოთეკა | ბათუმის შოთა რუსთაველის სახელმწიფო უნივერსიტეტის მთავარი ბიბლიოთეკა | წიგნსაცავი | 2018-12-17 | 4.00 | 1(479.22) მ-44 | 40448 | 2018-12-17 | 40448 | 2018-12-17 | წიგნი | 4 ლ. 227 თ. | ||||||
| ბათუმის შოთა რუსთაველის სახელმწიფო უნივერსიტეტის მთავარი ბიბლიოთეკა | ბათუმის შოთა რუსთაველის სახელმწიფო უნივერსიტეტის მთავარი ბიბლიოთეკა | წიგნსაცავი | 2018-12-17 | 4.00 | 1(479.22) მ-44 | 40449 | 2018-12-17 | 40449 | 2018-12-17 | წიგნი | 4 ლ. 227 თ. | ||||||
| ბათუმის შოთა რუსთაველის სახელმწიფო უნივერსიტეტის მთავარი ბიბლიოთეკა | ბათუმის შოთა რუსთაველის სახელმწიფო უნივერსიტეტის მთავარი ბიბლიოთეკა | წიგნსაცავი | 2018-12-17 | 4.00 | 1(479.22) მ-44 | 40450 | 2018-12-17 | 40450 | 2018-12-17 | წიგნი | 4 ლ. 227 თ. | ||||||
| ბათუმის შოთა რუსთაველის სახელმწიფო უნივერსიტეტის მთავარი ბიბლიოთეკა | ბათუმის შოთა რუსთაველის სახელმწიფო უნივერსიტეტის მთავარი ბიბლიოთეკა | წიგნსაცავი | 2018-12-17 | 4.00 | 1(479.22) მ-44 | 40451 | 2018-12-17 | 40451 | 2018-12-17 | წიგნი | 4ლ. 227 თ. | ||||||
| ბათუმის შოთა რუსთაველის სახელმწიფო უნივერსიტეტის მთავარი ბიბლიოთეკა | ბათუმის შოთა რუსთაველის სახელმწიფო უნივერსიტეტის მთავარი ბიბლიოთეკა | 2019-09-20 | 4.00 | 1(479.22) მ-44 | 60023 | 2019-09-20 | 60023 | 2019-09-20 | წიგნი | 4 ლ. 227 თ. | |||||||
| ბათუმის შოთა რუსთაველის სახელმწიფო უნივერსიტეტის მთავარი ბიბლიოთეკა | ბათუმის შოთა რუსთაველის სახელმწიფო უნივერსიტეტის მთავარი ბიბლიოთეკა | წიგნსაცავი | 2023-06-08 | 4.00 | 1(479.22) მ-44 | 64591 | 2023-06-08 | 64591 | 2023-06-08 | წიგნი | 4.00 | ბსუ-ს საპატიო დოქტორის გურამ ლორთქიფანიძის საჩუქარი | |||||
| ბათუმის შოთა რუსთაველის სახელმწიფო უნივერსიტეტის მთავარი ბიბლიოთეკა | ბათუმის შოთა რუსთაველის სახელმწიფო უნივერსიტეტის მთავარი ბიბლიოთეკა | წიგნსაცავი | 2025-01-30 | 4.00 | 1(479.22) მ-44 | 70512 | 2025-01-30 | 70512 | 2025-01-30 | წიგნი | 4.00 | ნაჩუქარი |
